000 00454nab a2200145Ia 4500
003 ES-SlBCS
005 20210601124315.0
008 140529s1985 xxu||||| |||| 00| 0 eng d
041 _aeng
100 1 _aHouston, Barbara
_9139496
245 0 0 _aGender Freedom and the Subtleties of Sexist Education
_c Barbara Houston
650 0 4 _aEducación Sexista
_9139497
773 0 _tEducational Theory
_gvol. 35, nº. 4, 1985, págs. 359-370
_wRev1399
942 _cAR
999 _c512670
_d512670